| 000 | 00574nam a22001817a 4500 | ||
|---|---|---|---|
| 005 | 20250915102137.0 | ||
| 008 | 250915b |||||||| |||| 00| 0 eng d | ||
| 020 | _a9798887151007 | ||
| 050 |
_aPN 4784 .P75 R33 2023 _bC.1 |
||
| 100 | _aRadcliff, Hugo P. | ||
| 245 | _aPublic Relations and Media | ||
| 250 | _aFirst Edition | ||
| 260 |
_aDublin, OH _bOryson Press _c2023 |
||
| 300 | _aix, 278p. | ||
| 500 | _aIncludes bibliographical references | ||
| 650 | _a1. Mass media. 2. Public relations. 3. Media relations. 4. Journalism—Public relations. | ||
| 942 |
_2lcc _cBK |
||
| 999 |
_c216082 _d216082 |
||